| 000 | 00639pam a2200229 a 4500 | ||
|---|---|---|---|
| 001 | 4315475 | ||
| 005 | 20180809040627.0 | ||
| 008 | 870505s1987 flua b 101 0 eng c | ||
| 010 | _a 87047723 | ||
| 020 | _a0127520856 (alk. paper) | ||
| 040 |
_aDNLM/DLC _cDLC _dDLC |
||
| 041 | _aeng | ||
| 060 | _aWF 600 P98245 1986 | ||
| 080 | _a612.2 | ||
| 082 | 0 | 0 |
_a612.2 _219 |
| 100 | _a3 | ||
| 101 | _aSHM | ||
| 245 | 0 | 4 |
_aThe Pulmonary circulation in health and disease / _cedited by James A. Will ... [et al.]. |
| 504 | _aIncludes bibliographies and index. | ||
| 906 |
_a7 _bcbc _corignew _d1 _eocip _f19 _gy-gencatlg |
||
| 942 |
_2ddc _cBK |
||
| 999 |
_c46947 _d46947 |
||